| 000 | 00642nam a2200205 a 4500 | ||
|---|---|---|---|
| 005 | 20210223123708.0 | ||
| 008 | 991125s1943 mx 000 0 spa u | ||
| 035 | _aUPN01000058149 | ||
| 049 | _aCG | ||
| 050 | 4 |
_aF1507.5 V3 _bV3.4 |
|
| 245 | 0 | 0 |
_aValle / _cpról. y selec. de Rafael Heliodoro Valle. |
| 260 |
_aMéxico : _bSEP, _c1943. |
||
| 300 | _axlvi, 235 p. | ||
| 440 | 3 |
_aEl pensamiento de América ; _v10 |
|
| 500 | _aTambién disponible en la Colección Medina | ||
| 600 | 1 | 4 |
_aVALLE, JOSE CECILIO DEL, _d1780-1834 |
| 651 | 4 |
_aHONDURAS - _xHISTORIA |
|
| 700 | 1 |
_aValle, Rafael Heliodoro, _d1891-1959 _ecomp. _929472 |
|
| 905 | _aLibro | ||
| 999 |
_c58149 _d58149 |
||